000 00780nam a22002057a 4500
999 _c62209
_d62209
005 20240801185317.0
008 240801s2015 en ||||| |||| 00| 0 eng d
020 _a9788177394764 X
041 _aeng
080 _a612 J-21
100 _a Jain, A.K.
_dAuthor
_923044
245 _aTextbook of Physiology :
_bVolume 1 /
_c A.K. Jain
250 _a6 edition
264 _aNew Delhi :
_bAVIHAL PUBLISHING COMPANY,
_c2015.
300 _a590 p.:
_bcolor illustrations,
_c28 cm.
653 _aTextbook of Physiology
653 _aHuman physiology Human physiology Textbooks
653 _aადამიანის ფიზიოლოგია ადამიანის ფიზიოლოგიის სახელმძღვანელოები
942 _2udc
_cBK